000 00277nam a22001217a 4500
008 180125b xxu||||| |||| 00| 0 eng d
041 _aeng
080 _a574
100 _a9
101 _amje
245 _athe complete book of groundcovers
_crobert.e.a
942 _2udc
_cBK
999 _c40957
_d40957